| 000 | 00956nam a2200277 i 4500 | ||
|---|---|---|---|
| 001 | 192110 | ||
| 003 | ES-MaACL | ||
| 005 | 20240127063016.0 | ||
| 008 | 221104s1968 mx 000 0 spa | ||
| 040 | _cES-MaACL | ||
| 080 | _a821.134.2(72)-32"19" | ||
| 100 | 1 |
_aCampos, Julieta, _d1932-2007 _eaut _9234944 |
|
| 245 | 1 | 0 |
_aCelina o los gatos / _cpor Julieta Campos. |
| 250 | _aPrimera edición, 1968 | ||
| 260 |
_aMéxico, D.F. : _bSiglo XXI, _c1968. |
||
| 300 |
_aXXVII, 119 páginas ; _c18 cm. |
||
| 490 | 1 | _aLa creación literaria | |
| 500 | _aÍndice | ||
| 505 | _aContiene: De gatos y otros mundos ; Celina o los gatos ; El bautizo ; Todas las rosas ; La casa ; La ciudad | ||
| 655 | 7 |
_9226829 _aCuentos |
|
| 830 | 1 |
_aLa creación literaria _9179894 |
|
| 852 | 4 |
_aES-MaACL _jN-8101 _bR. 153161 _cDEPOJ _hDonación: Editorial _9199392 |
|
| 942 |
_cMONOGRAFIA _n0 |
||
| 999 |
_c192110 _d192110 |
||